000 00304nam a22001217a 4500
008 230619b xxu||||| |||| 00| 0 eng d
082 _a301.34
_bBAT
100 _cT.R Batten
245 _aCommunities and their Development
260 _aLondon
_bOxford University Press
300 _a248p
942 _2ddc
_cBK
999 _c1246
_d1246